000 00196 a2200097 4500
001 11084
100 _aM. Khalid
245 _aWelfare State
260 _a
_bRoyal book Co
_c
090 _c8643
_d8643
942 _aNUST-CAE
_cM
_c35426
999 _c246157
_d246157